Elements of heat transfer (Record no. 330365)
[ view plain ]
| 000 -LEADER | |
|---|---|
| fixed length control field | 00916cam a22002891 4500 |
| 001 - CONTROL NUMBER | |
| control field | 9342706 |
| 003 - CONTROL NUMBER IDENTIFIER | |
| control field | NUST |
| 005 - DATE AND TIME OF LATEST TRANSACTION | |
| control field | 20170622124239.0 |
| 008 - FIXED-LENGTH DATA ELEMENTS--GENERAL INFORMATION | |
| fixed length control field | 730111s1957 nyua b 000 0 eng |
| 010 ## - LIBRARY OF CONGRESS CONTROL NUMBER | |
| LC control number | 57012230 |
| 015 ## - NATIONAL BIBLIOGRAPHY NUMBER | |
| National bibliography number | GB57-18234 |
| 035 ## - SYSTEM CONTROL NUMBER | |
| System control number | (OCoLC)535520 |
| 040 ## - CATALOGING SOURCE | |
| Original cataloging agency | DLC |
| Transcribing agency | ODaWU |
| Modifying agency | OCoLC |
| -- | Uk |
| -- | DLC |
| 042 ## - AUTHENTICATION CODE | |
| Authentication code | premarc |
| 050 00 - LIBRARY OF CONGRESS CALL NUMBER | |
| Classification number | QC320 |
| Item number | .J2 1957 |
| 082 ## - DEWEY DECIMAL CLASSIFICATION NUMBER | |
| Classification number | 620 JAK |
| 100 1# - MAIN ENTRY--PERSONAL NAME | |
| Personal name | Jakob, Max, |
| Dates associated with a name | 1879-1955. |
| 9 (RLIN) | 3089 |
| 245 10 - TITLE STATEMENT | |
| Title | Elements of heat transfer |
| Statement of responsibility, etc. | [by] Max Jakob [and] George A. Hawkins. |
| 250 ## - EDITION STATEMENT | |
| Edition statement | 3d ed. |
| 260 ## - PUBLICATION, DISTRIBUTION, ETC. | |
| Place of publication, distribution, etc. | New York, |
| Name of publisher, distributor, etc. | Wiley |
| Date of publication, distribution, etc. | [1957] |
| 300 ## - PHYSICAL DESCRIPTION | |
| Extent | 317 p. |
| Other physical details | illus. |
| Dimensions | 24 cm. |
| 500 ## - GENERAL NOTE | |
| General note | H.B |
| 504 ## - BIBLIOGRAPHY, ETC. NOTE | |
| Bibliography, etc. note | Includes bibliography. |
| 650 #0 - SUBJECT ADDED ENTRY--TOPICAL TERM | |
| Topical term or geographic name entry element | Heat |
| General subdivision | Transmission. |
| 9 (RLIN) | 1537 |
| 700 1# - ADDED ENTRY--PERSONAL NAME | |
| Personal name | Hawkins, George A. |
| Fuller form of name | (George Andrew), |
| Dates associated with a name | 1907- |
| Relator term | joint author. |
| 9 (RLIN) | 3090 |
| 906 ## - LOCAL DATA ELEMENT F, LDF (RLIN) | |
| a | 7 |
| b | cbc |
| c | oclcrpl |
| d | u |
| e | ncip |
| f | 19 |
| g | y-gencatlg |
| 942 ## - ADDED ENTRY ELEMENTS (KOHA) | |
| Source of classification or shelving scheme | |
| Koha item type | Book |
| Call number prefix | IESE |
| Withdrawn status | Lost status | Source of classification or shelving scheme | Damaged status | Not for loan | Collection code | Permanent Location | Current Location | Shelving location | Date acquired | Total Checkouts | Full call number | Barcode | Date last seen | Price effective from | Koha item type |
|---|---|---|---|---|---|---|---|---|---|---|---|---|---|---|---|
| Institute of Environmental Science and Engineering (IESE) | Institute of Environmental Science and Engineering (IESE) | General Stacks | 06/22/2017 | 620 JAK | IESE-247 | 06/22/2017 | 06/22/2017 | Book |
